000 00960nam a22003137a 4500
003 CHAP
005 20220817044409.0
008 101117s1987 us a r 00010 eng d
010 _a99835
011 _a100807
035 _a111493
040 _cCHAP
090 _aFolleto 17853
110 2 _aUSDA. Forest Service
_9117062
245 1 0 _aCareer profiles
_c/por USDA. Forest Service
260 _aWashington, DC :
_bUSDA. Forest Service,
_c1987
300 _a14 p. :
_bilus.
590 _aBATCH-UPD
_b10
_c20130110
_lUCH01
_h1401
590 _aBATCH-UPD
_b10
_c20130410
_lUCH01
_h0852
590 _aBATCH-UPD
_b10
_c20130914
_lUCH01
_h0704
590 _aCONVERSION
_b10
_c20130109
_lUCH01
_h1355
650 1 4 _aBosques.
_914002
650 1 4 _aEcología.
_935134
650 1 4 _aGestión medioambiental.
_947805
650 1 4 _aRecursos naturales
_xConservación.
901 _aBK
942 _cFOLL
949 _aFolleto 17853
_bBC
_cFOLL
_d33724002126439
_eTS1
_i111493
_sb
999 _c99835
_d99835